000 00399nam a2200157Ia 4500
008 230711s9999||||xx |||||||||||||| ||und||
020 _a81-7041-571-6
041 _aENG
082 _a630
_bSA-R
100 _aSagar,G. Vidya
245 0 _aRural Development and Local Participation
260 _c1992
_aNew Delhi
_bAnmol Publication(P) Ltd.
300 _a225p.
650 _aAgriculture
942 _cBK
999 _c7607
_d7607